[Event "CYCC U12"]
[Site "Vancouver CAN"]
[Date "2012.07.05"]
[Round "6"]
[White "Song, Ziyuan"]
[Black "Chen, Harrison"]
[Result "1-0"]
[WhiteElo "2042"]
[BlackElo "988"]
[PlyCount "75"]
[GameId "2160767909508780"]
[EventDate "2012.07.03"]
[EventType "swiss"]
[EventRounds "7"]
[EventCountry "CAN"]
[SourceTitle "EXT 2022"]
[Source "ChessBase"]
[SourceDate "2021.10.06"]
[SourceVersion "1"]
[SourceVersionDate "2021.10.06"]
[SourceQuality "1"]

1. e4 e5 2. Nf3 Nc6 3. Bc4 Nf6 4. Nc3 Nxe4 5. Nxe4 d5 6. Bxd5 Qxd5 7. Nc3 Qd8 8. h3 Bd6 9. O-O O-O 10. d3 a6 11. Re1 Re8 12. Bg5 f6 13. Bh4 Qd7 14. Bg3 Bb4 15. a3 Ba5 16. b4 Bb6 17. Na4 Bd4 18. Nxd4 Nxd4 19. c3 Nf5 20. Nc5 Qf7 21. Qf3 c6 22. Qe2 Nxg3 23. fxg3 Qg6 24. g4 b6 25. Na4 Rb8 26. Nb2 Bb7 27. Rad1 Qf7 28. Nc4 Qc7 29. Ne3 Bc8 30. d4 exd4 31. Rxd4 b5 32. Qf2 a5 33. Nd5 Rxe1+ 34. Qxe1 Qf7 35. Ne7+ Kf8 36. Rd8+ Qe8 37. Ng6+ hxg6 38. Qxe8# 1-0

[Event "CYCC U12"]
[Site "Vancouver CAN"]
[Date "2012.07.05"]
[Round "6"]
[White "Tjia-Gan, Nicholas"]
[Black "Liu, Danny"]
[Result "0-1"]
[WhiteElo "870"]
[BlackElo "1005"]
[PlyCount "75"]
[GameId "2160767909508781"]
[EventDate "2012.07.03"]
[EventType "swiss"]
[EventRounds "7"]
[EventCountry "CAN"]
[SourceTitle "EXT 2022"]
[Source "ChessBase"]
[SourceDate "2021.10.06"]
[SourceVersion "1"]
[SourceVersionDate "2021.10.06"]
[SourceQuality "1"]

1. e4 c5 2. Nf3 d6 3. Nc3 e5 4. Bb5+ Nc6 5. Bxc6+ bxc6 6. O-O Nf6 7. d3 Be7 8. Bg5 O-O 9. Bxf6 Bxf6 10. g3 d5 11. exd5 cxd5 12. h4 Bg4 13. Qe1 Bxf3 14. Qe3 Qd7 15. Qxf3 Rad8 16. Nxd5 Qxd5 17. Qxd5 Rxd5 18. Rae1 Rd4 19. Re4 Rxe4 20. dxe4 Rd8 21. Rc1 h6 22. Kg2 Rb8 23. b3 Rb4 24. f3 Rb5 25. Kh3 c4 26. bxc4 Rc5 27. f4 Rxc4 28. fxe5 Bxe5 29. g4 Rxe4 30. g5 hxg5 31. hxg5 Bf4 32. Kg4 Bxc1+ 33. Kf5 Rd4 34. g6 fxg6+ 35. Kxg6 Rf4 36. Kh5 Kf7 37. Kg5 g6 38. Kh6 0-1

[Event "CYCC U12"]
[Site "Vancouver CAN"]
[Date "2012.07.05"]
[Round "6"]
[White "Wang, Edward"]
[Black "Wu, Brenden"]
[Result "1-0"]
[WhiteElo "1132"]
[BlackElo "860"]
[PlyCount "69"]
[GameId "2160767909508782"]
[EventDate "2012.07.03"]
[EventType "swiss"]
[EventRounds "7"]
[EventCountry "CAN"]
[SourceTitle "EXT 2022"]
[Source "ChessBase"]
[SourceDate "2021.10.06"]
[SourceVersion "1"]
[SourceVersionDate "2021.10.06"]
[SourceQuality "1"]

1. e4 d6 2. d4 g6 3. Nf3 Bg7 4. Nc3 Nf6 5. Bc4 c6 6. Bf4 b5 7. Bb3 a5 8. a3 a4 9. Ba2 O-O 10. O-O Kh8 11. Ne2 Nxe4 12. c4 Be6 13. d5 cxd5 14. cxb5 Bxb2 15. Rb1 Bxa3 16. Bxd5 Bxd5 17. Qxd5 Nd7 18. Qxe4 Bc5 19. Be3 a3 20. Bxc5 a2 21. Bd4+ e5 22. Bxe5+ Nxe5 23. Ra1 Nxf3+ 24. Qxf3 Qb6 25. Qf6+ Kg8 26. Nc3 Rfc8 27. Rxa2 Rxa2 28. Nxa2 Qxb5 29. Qxd6 Qc4 30. Nb4 Qc1 31. h3 Qa3 32. Rd1 Qa4 33. Kh2 Rc4 34. Nd5 Kh8 35. Qf8# 1-0

[Event "CYCC U12"]
[Site "Vancouver CAN"]
[Date "2012.07.05"]
[Round "6"]
[White "Xu, Jeffrey"]
[Black "Bellissimo, Joseph"]
[Result "0-1"]
[WhiteElo "1832"]
[BlackElo "2056"]
[PlyCount "56"]
[GameId "2160767909508783"]
[EventDate "2012.07.03"]
[EventType "swiss"]
[EventRounds "7"]
[EventCountry "CAN"]
[SourceTitle "EXT 2022"]
[Source "ChessBase"]
[SourceDate "2021.10.06"]
[SourceVersion "1"]
[SourceVersionDate "2021.10.06"]
[SourceQuality "1"]

1. e4 e6 2. d3 d5 3. Nd2 c5 4. Ngf3 Nc6 5. g3 Bd6 6. Bg2 Nge7 7. O-O O-O 8. c3 f6 9. Re1 d4 10. cxd4 cxd4 11. a3 a5 12. Nc4 Bc7 13. a4 e5 14. Nh4 Be6 15. Na3 Qd7 16. Nb5 Nb4 17. Nxc7 Qxc7 18. Re2 Rac8 19. Nf5 Nxf5 20. exf5 Bxf5 21. Qb3+ Kh8 22. Be4 Bxe4 23. dxe4 d3 24. Rd2 Qc6 25. f3 Qc5+ 26. Rf2 Nc2 27. Ra2 Nd4 28. Qc3 Ne2+ 0-1

[Event "CYCC U12"]
[Site "Vancouver CAN"]
[Date "2012.07.05"]
[Round "6"]
[White "Yu, Robin"]
[Black "Ge, Alex"]
[Result "1-0"]
[WhiteElo "1293"]
[BlackElo "931"]
[PlyCount "55"]
[GameId "2160767909508784"]
[EventDate "2012.07.03"]
[EventType "swiss"]
[EventRounds "7"]
[EventCountry "CAN"]
[SourceTitle "EXT 2022"]
[Source "ChessBase"]
[SourceDate "2021.10.06"]
[SourceVersion "1"]
[SourceVersionDate "2021.10.06"]
[SourceQuality "1"]

1. d4 Nf6 2. Nf3 d5 3. c4 c6 4. Nc3 Bf5 5. e3 e6 6. Be2 Bb4 7. O-O dxc4 8. Bxc4 c5 9. Qb3 b6 10. Ne2 O-O 11. h3 cxd4 12. Nfxd4 e5 13. Nxf5 Nc6 14. Bb5 Bd2 15. Bxc6 Bxc1 16. Bxa8 Qd2 17. Nxc1 Ne4 18. Bxe4 a5 19. Nd3 a4 20. Qd5 a3 21. Rad1 Qe2 22. Nxe5 Qh5 23. Ne7+ Kh8 24. Bf3 Qxe5 25. Qxe5 b5 26. Rd7 axb2 27. Nf5 Rg8 28. Rd8 1-0

[Event "CYCC U12"]
[Site "Vancouver CAN"]
[Date "2012.07.05"]
[Round "7"]
[White "Cheung, Lukas"]
[Black "Hou, Frank Gui"]
[Result "1-0"]
[WhiteElo "1429"]
[BlackElo "1200"]
[PlyCount "51"]
[GameId "2160767909508785"]
[EventDate "2012.07.03"]
[EventType "swiss"]
[EventRounds "7"]
[EventCountry "CAN"]
[SourceTitle "EXT 2022"]
[Source "ChessBase"]
[SourceDate "2021.10.06"]
[SourceVersion "1"]
[SourceVersionDate "2021.10.06"]
[SourceQuality "1"]

1. e4 e5 2. Nf3 Nc6 3. Bc4 Bc5 4. b4 Bxb4 5. c3 Bc5 6. d4 exd4 7. cxd4 Bb4+ 8. Bd2 Bxd2+ 9. Nbxd2 d6 10. d5 Ne5 11. O-O Bg4 12. Rb1 Bxf3 13. Nxf3 Nxc4 14. Qa4+ Qd7 15. Qxc4 c6 16. Rfd1 Nf6 17. dxc6 bxc6 18. Ne5 Qc7 19. Nxf7 Qxf7 20. Qxc6+ Qd7 21. Qxa8+ Kf7 22. Qxh8 Nxe4 23. Qa8 Nc3 24. Rb7 Qxb7 25. Qxb7+ Kg6 26. Rxd6+ 1-0

[Event "CYCC U12"]
[Site "Vancouver CAN"]
[Date "2012.07.05"]
[Round "7"]
[White "Ge, Alex"]
[Black "Wang, Edward"]
[Result "1-0"]
[WhiteElo "921"]
[BlackElo "1132"]
[PlyCount "112"]
[GameId "2160767909508786"]
[EventDate "2012.07.03"]
[EventType "swiss"]
[EventRounds "7"]
[EventCountry "CAN"]
[SourceTitle "EXT 2022"]
[Source "ChessBase"]
[SourceDate "2021.10.06"]
[SourceVersion "1"]
[SourceVersionDate "2021.10.06"]
[SourceQuality "1"]

1. e4 c6 2. d4 g6 3. Nf3 d5 4. Nc3 Bg7 5. Be3 Nf6 6. e5 Ng4 7. Bf4 Bf5 8. Be2 Nd7 9. O-O O-O 10. Nh4 Nh6 11. Qd2 Ng4 12. h3 Ngxe5 13. dxe5 Nxe5 14. Nxf5 gxf5 15. Bh6 Ng6 16. Bxg7 Kxg7 17. Qg5 e6 18. Qxd8 Raxd8 19. Rad1 d4 20. Na4 Nf4 21. Bf3 e5 22. Nc5 e4 23. Bxe4 fxe4 24. Nxe4 Rde8 25. Rfe1 Rg8 26. Kh2 Ne6 27. c3 dxc3 28. bxc3 Rd8 29. Nd6 b6 30. Nf5+ Kg6 31. Ne7+ Kg7 32. Nxg8 Rxg8 33. Re3 a5 34. Rg3+ Kf8 35. Rxg8+ Kxg8 36. Rd6 b5 37. Rxc6 Nf4 38. Rc5 Ne2 39. Rxb5 Nxc3 40. Rxa5 Kg7 41. Kg3 Kg6 42. f4 Ne4+ 43. Kh4 f5 44. Ra6+ Kg7 45. g4 Nc5 46. Ra7+ Kg8 47. Re7 Kh8 48. a4 Nxa4 49. Kh5 Nc5 50. Kh6 Kg8 51. Rg7+ Kf8 52. Rxh7 Kg8 53. g5 Ne6 54. g6 Nxf4 55. Rg7+ Kh8 56. Rf7 Kg8 1-0

[Event "CYCC U12"]
[Site "Vancouver CAN"]
[Date "2012.07.05"]
[Round "7"]
[White "Gedajlovic, Max"]
[Black "Cao, Jason"]
[Result "0-1"]
[WhiteElo "1695"]
[BlackElo "2031"]
[PlyCount "88"]
[GameId "2160767909508787"]
[EventDate "2012.07.03"]
[EventType "swiss"]
[EventRounds "7"]
[EventCountry "CAN"]
[SourceTitle "EXT 2022"]
[Source "ChessBase"]
[SourceDate "2021.10.06"]
[SourceVersion "1"]
[SourceVersionDate "2021.10.06"]
[SourceQuality "1"]

1. d4 Nf6 2. c4 g6 3. Nc3 Bg7 4. e4 d6 5. f3 O-O 6. Be3 Nc6 7. Qd2 a6 8. Nge2 Rb8 9. g4 b5 10. cxb5 axb5 11. Ng3 b4 12. Nce2 Ba6 13. Bg2 Re8 14. O-O Nd7 15. Rf2 Na5 16. b3 c5 17. Bh6 Bf6 18. Bg5 Bh8 19. Rd1 c4 20. Nc1 Qb6 21. Qe3 Nc6 22. Nge2 c3 23. f4 c2 24. Rd2 Bxe2 25. Nxe2 Bxd4 26. Rxd4 Nxd4 27. Nxd4 Qxd4 28. Qxd4 c1=Q+ 29. Bf1 Nf8 30. Bh6 Ne6 31. Qd3 Nc5 32. Qd4 Qc3 33. Qd5 e6 34. Qd1 Nxe4 35. Rf3 Qc5+ 36. Kg2 Rbc8 37. Bd3 Nc3 38. Qe1 Ra8 39. a4 bxa3 40. Bxg6 hxg6 41. Rxc3 Qd4 42. Rc1 a2 43. Ra1 Rec8 44. f5 Qxg4+ 0-1

[Event "CYCC U12"]
[Site "Vancouver CAN"]
[Date "2012.07.05"]
[Round "7"]
[White "Olechko, Nikita"]
[Black "Dawson, Jeffrey"]
[Result "1/2-1/2"]
[WhiteElo "566"]
[BlackElo "1224"]
[PlyCount "96"]
[GameId "2160767909508788"]
[EventDate "2012.07.03"]
[EventType "swiss"]
[EventRounds "7"]
[EventCountry "CAN"]
[SourceTitle "EXT 2022"]
[Source "ChessBase"]
[SourceDate "2021.10.06"]
[SourceVersion "1"]
[SourceVersionDate "2021.10.06"]
[SourceQuality "1"]

1. e4 c5 2. Nf3 d6 3. Bc4 Nf6 4. Nc3 g6 5. d4 cxd4 6. Qxd4 Nc6 7. Qd1 Bg7 8. O-O O-O 9. Bg5 Bd7 10. Re1 Rc8 11. Bb3 h6 12. Bh4 Bg4 13. h3 Bxf3 14. Qxf3 Nd4 15. Qe3 Nxb3 16. axb3 a6 17. Rad1 Qa5 18. Nd5 Nxd5 19. exd5 g5 20. Bg3 Rfe8 21. c3 Qb5 22. b4 a5 23. bxa5 Qxa5 24. Rc1 Qxd5 25. c4 Qc6 26. b3 Bf6 27. Qe4 Qxe4 28. Rxe4 d5 29. Re3 d4 30. Re4 Bg7 31. Rce1 Rcd8 32. Rxe7 Rxe7 33. Rxe7 d3 34. Re1 d2 35. Rd1 f5 36. f4 Bc3 37. h4 Re8 38. Kf1 g4 39. h5 Kf7 40. Bf2 Ra8 41. Ke2 Ra2 42. Be3 Rb2 43. Bxd2 Bxd2 44. Rxd2 Rxb3 45. c5 Rb5 46. Rd5 Kf6 47. Re5 Rb2+ 48. Kf1 Rb1+ 1/2-1/2

[Event "CYCC U12"]
[Site "Vancouver CAN"]
[Date "2012.07.05"]
[Round "7"]
[White "Tolentino, Andre Angelo"]
[Black "Tjia-Gan, Nicholas"]
[Result "1-0"]
[WhiteElo "889"]
[BlackElo "870"]
[PlyCount "39"]
[GameId "2160767909508789"]
[EventDate "2012.07.03"]
[EventType "swiss"]
[EventRounds "7"]
[EventCountry "CAN"]
[SourceTitle "EXT 2022"]
[Source "ChessBase"]
[SourceDate "2021.10.06"]
[SourceVersion "1"]
[SourceVersionDate "2021.10.06"]
[SourceQuality "1"]

1. e4 d5 2. exd5 Qxd5 3. Nc3 Qd8 4. Nf3 Nf6 5. d4 Nc6 6. Bb5 Bd7 7. Be3 Bg4 8. d5 Nxd5 9. Nxd5 Bxf3 10. Qxf3 Qd6 11. O-O-O O-O-O 12. Nb6+ Kb8 13. Rxd6 exd6 14. Bxc6 f6 15. Bxb7 d5 16. Bxd5 cxb6 17. Ba8 Rd5 18. Qxd5 Kc8 19. Rd1 Bc5 20. Qb7# 1-0

[Event "CYCC U12"]
[Site "Vancouver CAN"]
[Date "2012.07.05"]
[Round "7"]
[White "Wu, Brenden"]
[Black "Banwait, Gursimmer"]
[Result "1-0"]
[WhiteElo "860"]
[BlackElo "1053"]
[PlyCount "77"]
[GameId "2160767909508790"]
[EventDate "2012.07.03"]
[EventType "swiss"]
[EventRounds "7"]
[EventCountry "CAN"]
[SourceTitle "EXT 2022"]
[Source "ChessBase"]
[SourceDate "2021.10.06"]
[SourceVersion "1"]
[SourceVersionDate "2021.10.06"]
[SourceQuality "1"]

1. d4 d5 2. Bf4 Nc6 3. Nf3 Bf5 4. c3 Nf6 5. Nbd2 e6 6. e3 Bd6 7. Be5 Bxe5 8. Nxe5 Nxe5 9. dxe5 Ne4 10. Nxe4 Bxe4 11. Qd4 c6 12. c4 Bg6 13. cxd5 Qa5+ 14. b4 Qxd5 15. Qxd5 cxd5 16. Bb5+ Ke7 17. O-O a6 18. Be2 Rac8 19. Rac1 Rxc1 20. Rxc1 f6 21. Rc7+ Kf8 22. Rxb7 fxe5 23. Bxa6 Bh5 24. Be2 g6 25. g4 Bxg4 26. Bxg4 h5 27. Bxe6 d4 28. exd4 exd4 29. Rb8+ Kg7 30. Rxh8 Kxh8 31. Bc4 g5 32. b5 Kg7 33. b6 d3 34. Bxd3 g4 35. b7 Kh6 36. b8=Q Kg5 37. Qe5+ Kh4 38. Qf6+ Kh3 39. Bf1# 1-0

[Event "CYCC U12"]
[Site "Vancouver CAN"]
[Date "2012.07.05"]
[Round "7"]
[White "Yoshino, Alexander"]
[Black "Rapin, Calvin"]
[Result "0-1"]
[WhiteElo "770"]
[BlackElo "847"]
[PlyCount "108"]
[GameId "2160767909508791"]
[EventDate "2012.07.03"]
[EventType "swiss"]
[EventRounds "7"]
[EventCountry "CAN"]
[SourceTitle "EXT 2022"]
[Source "ChessBase"]
[SourceDate "2021.10.06"]
[SourceVersion "1"]
[SourceVersionDate "2021.10.06"]
[SourceQuality "1"]

1. e4 e5 2. Nc3 g6 3. g3 Bg7 4. Bg2 Nf6 5. Nge2 O-O 6. O-O Nc6 7. d3 d6 8. Be3 b6 9. h3 Ba6 10. Qd2 Nb4 11. a3 Nc6 12. f4 exf4 13. gxf4 Nh5 14. e5 dxe5 15. fxe5 Nxe5 16. d4 Bxe2 17. Qxe2 Ng3 18. Qf2 Nxf1 19. Bxa8 Qxa8 20. dxe5 Nxe3 21. Qxe3 h5 22. Nb5 c6 23. Nc7 Qb8 24. Na6 Qxe5 25. Qxe5 Bxe5 26. Nb4 Bxb2 27. Ra2 Bd4+ 28. Kg2 c5 29. Nc6 Re8 30. Nxa7 Re2+ 31. Kf3 Re3+ 32. Kf4 f5 33. Nb5 Rxh3 34. c3 Be3+ 35. Ke5 h4 36. Rg2 Kg7 37. Nd6 f4 38. Nf5+ Kf7 39. Nh6+ Ke7 40. Ng8+ Kf7 41. Nh6+ Kg7 42. Nf5+ Kh7 43. Kf6 f3 44. Rxg6 f2 45. Rg7+ Kh8 46. Kg6 f1=Q 47. Ne7 Rg3+ 48. Kh5 Rxg7 49. Ng6+ Rxg6 50. Kxg6 h3 51. c4 h2 52. a4 h1=Q 53. a5 Qhg1+ 54. Kh5 Qh3# 0-1

[Event "CYCC U12"]
[Site "Vancouver CAN"]
[Date "2012.07.06"]
[Round "7"]
[White "Bellissimo, Joseph"]
[Black "Chen, Richard"]
[Result "1-0"]
[WhiteElo "2056"]
[BlackElo "1880"]
[PlyCount "79"]
[GameId "2160767909508792"]
[EventDate "2012.07.03"]
[EventType "swiss"]
[EventRounds "7"]
[EventCountry "CAN"]
[SourceTitle "EXT 2022"]
[Source "ChessBase"]
[SourceDate "2021.10.06"]
[SourceVersion "1"]
[SourceVersionDate "2021.10.06"]
[SourceQuality "1"]

1. e4 c5 2. c3 Nf6 3. e5 Nd5 4. Nf3 Nc6 5. Bc4 Nb6 6. Bb3 e6 7. d4 cxd4 8. cxd4 d5 9. O-O Be7 10. Nc3 O-O 11. Bf4 a6 12. Qe2 Bd7 13. Rfd1 Na5 14. Bc2 Bb4 15. Bxh7+ Kh8 16. Bd3 Be7 17. Ng5 g6 18. Qg4 Kg7 19. Nxf7 Rxf7 20. Qxg6+ Kf8 21. Bh6+ Ke8 22. Qg8+ Bf8 23. Bxf8 Qe7 24. Bxe7+ Kxe7 25. Qg5+ Kf8 26. Bg6 Rg7 27. Qh6 Be8 28. Qh8+ Ke7 29. Qxg7+ Kd8 30. Qf8 Nac4 31. Qxe8+ Kc7 32. Qe7+ Kb8 33. b3 Nc8 34. Qxe6 N4b6 35. Nxd5 Ka7 36. Nxb6 Nxb6 37. d5 Rd8 38. d6 Nc8 39. d7 Nb6 40. Qe7 1-0

[Event "CYCC U12"]
[Site "Vancouver CAN"]
[Date "2012.07.06"]
[Round "7"]
[White "Brewster, Paula"]
[Black "Zheng, Maven"]
[Result "1-0"]
[WhiteElo "1341"]
[BlackElo "954"]
[PlyCount "129"]
[GameId "2160767909508793"]
[EventDate "2012.07.03"]
[EventType "swiss"]
[EventRounds "7"]
[EventCountry "CAN"]
[SourceTitle "hb 2012"]

1. d4 d5 2. Nf3 Bf5 3. e3 e6 4. b3 Nf6 5. Bb2 Bd6 6. Nbd2 Nbd7 7. Be2 O-O 8. O-O c6 9. Ne5 Qc7 10. f4 c5 11. g4 Be4 12. g5 Ne8 13. Nxe4 dxe4 14. Nxd7 Qxd7 15. dxc5 Rd8 16. cxd6 Nxd6 17. Bg4 Qc6 18. Qe2 Nf5 19. Bxf5 exf5 20. Qc4 Qb6 21. Bd4 Qa5 22. Qc5 Qa6 23. Qxf5 Qc6 24. Qc5 Qe6 25. Qe5 Qg6 26. h4 f6 27. Qe7 Rde8 28. Qxb7 Rf7 29. Qd5 Ref8 30. c4 Kh8 31. f5 Qh5 32. Qxe4 fxg5 33. hxg5 Qxg5+ 34. Qg2 Qe7 35. e4 Rg8 36. Kf2 Qh4+ 37. Ke2 Re7 38. Kf3 Qxe4+ 39. Kg3 Qxd4 40. Kh2 Qh4+ 41. Kg1 Re3 42. Rf3 Re5 43. Rh3 Qd4+ 44. Kh2 h6 45. Rg1 Qf4+ 46. Qg3 Qxf5 47. Rxh6+ Qh7 48. Rxh7+ Kxh7 49. Qxe5 g6 50. Qe7+ Rg7 51. Qh4+ Kg8 52. Rd1 Rf7 53. Rd8+ Rf8 54. Rxf8+ Kxf8 55. Qg5 Kf7 56. Kg3 a6 57. Kf4 a5 58. Qxa5 Kf6 59. Qg5+ Kg7 60. Ke5 Kf7 61. Kd6 Kg7 62. Ke6 Kh7 63. Kf6 Kh8 64. Qh6+ Kg8 65. Qg7# 1-0

[Event "CYCC U12"]
[Site "Vancouver CAN"]
[Date "2012.07.06"]
[Round "7"]
[White "Goldblatt, Taylor"]
[Black "D'Amore, Tyler"]
[Result "1-0"]
[WhiteElo "426"]
[BlackElo "822"]
[PlyCount "71"]
[GameId "2160767909508794"]
[EventDate "2012.07.03"]
[EventType "swiss"]
[EventRounds "7"]
[EventCountry "CAN"]
[SourceTitle "hb 2012"]

1. e4 e6 2. d4 Qh4 3. Nc3 c5 4. g3 Qf6 5. Nf3 Nc6 6. Bg5 Qg6 7. Bb5 Be7 8. h4 Bxg5 9. hxg5 h6 10. Bxc6 bxc6 11. Qd2 f6 12. gxf6 Nxf6 13. O-O-O Rb8 14. dxc5 Nxe4 15. Nxe4 Qxe4 16. Nd4 Qe5 17. c3 Qxc5 18. Nxe6 Qe7 19. Nc7+ Kd8 20. Rhe1 Qg5 21. Ne6+ Ke8 22. Nxg5+ Kd8 23. Nf7+ Kc7 24. Nxh8 Kb7 25. Nf7 d5 26. Re8 Bg4 27. Nd6+ Kc7 28. Rxb8 Kxb8 29. Re1 Bc8 30. Nxc8 Kxc8 31. Re8+ Kd7 32. Qe3 g5 33. Qe6+ Kc7 34. Qe7+ Kb6 35. Rb8+ Ka5 36. Qxa7# 1-0

[Event "CYCC U12"]
[Site "Vancouver CAN"]
[Date "2012.07.06"]
[Round "7"]
[White "Jayaweera, Lahiru"]
[Black "Yu, Robin"]
[Result "1/2-1/2"]
[WhiteElo "1125"]
[BlackElo "1293"]
[PlyCount "36"]
[GameId "2160767909508795"]
[EventDate "2012.07.03"]
[EventType "swiss"]
[EventRounds "7"]
[EventCountry "CAN"]
[SourceTitle "hb 2012"]

1. d4 d5 2. c4 c6 3. Nf3 Nf6 4. Nc3 e6 5. Bg5 Be7 6. e3 Nbd7 7. Bd3 O-O 8. O-O dxc4 9. Bxc4 b5 10. Bd3 Bb7 11. Qd2 h6 12. Bh4 a6 13. Ne4 Nxe4 14. Bxe7 Qxe7 15. Bxe4 Rac8 16. Rac1 Nf6 17. Bd3 Nd5 18. Be4 Nf6 1/2-1/2

[Event "CYCC U12"]
[Site "Vancouver CAN"]
[Date "2012.07.06"]
[Round "7"]
[White "Ju, Terrence"]
[Black "Han, Lionel"]
[Result "1/2-1/2"]
[WhiteElo "1268"]
[BlackElo "1521"]
[PlyCount "51"]
[GameId "2160767909508796"]
[EventDate "2012.07.03"]
[EventType "swiss"]
[EventRounds "7"]
[EventCountry "CAN"]
[SourceTitle "hb 2012"]

1. d4 d5 2. c4 e6 3. Nc3 Nf6 4. Nf3 Be7 5. Bf4 c6 6. e3 Nbd7 7. cxd5 exd5 8. Bd3 O-O 9. O-O Re8 10. Rb1 Nf8 11. b4 b5 12. a4 a6 13. Re1 Bg4 14. Be2 Bf5 15. Bd3 Bxd3 16. Qxd3 Ne4 17. Qc2 Nd6 18. Ne5 Rc8 19. Na2 Nc4 20. Qf5 Bf6 21. Nxc4 dxc4 22. axb5 cxb5 23. h3 Ng6 24. Bh2 Qe7 25. Kf1 c3 26. Rec1 1/2-1/2

[Event "CYCC U12"]
[Site "Vancouver CAN"]
[Date "2012.07.06"]
[Round "7"]
[White "Katz, Matthew"]
[Black "Baskaran, Karthik"]
[Result "0-1"]
[WhiteElo "660"]
[BlackElo "746"]
[PlyCount "64"]
[GameId "2160767909508797"]
[EventDate "2012.07.03"]
[EventType "swiss"]
[EventRounds "7"]
[EventCountry "CAN"]
[SourceTitle "hb 2012"]

1. e4 e5 2. Nf3 Nc6 3. Bc4 Bc5 4. Nc3 Nf6 5. d3 h6 6. O-O O-O 7. Bb5 d6 8. Bxc6 bxc6 9. Qe2 Re8 10. Be3 Bb6 11. Rad1 d5 12. d4 exd4 13. Bxd4 Bf5 14. Bxb6 cxb6 15. Qa6 Nxe4 16. Nxe4 Bxe4 17. c4 Qf6 18. Qa3 dxc4 19. Rc1 Bd5 20. Rfe1 a5 21. b4 cxb3 22. axb3 Bxf3 23. gxf3 Qxf3 24. b4 Qxa3 25. bxa5 Qxa5 26. Rf1 c5 27. Kh1 Re6 28. f4 Rg6 29. f5 Rg5 30. f6 Qb5 31. fxg7 Qc6+ 32. Rf3 Qxf3# 0-1

[Event "CYCC U12"]
[Site "Vancouver CAN"]
[Date "2012.07.06"]
[Round "7"]
[White "Knox, Nathaniel"]
[Black "Lee, Nicholas"]
[Result "0-1"]
[WhiteElo "1177"]
[BlackElo "1750"]
[PlyCount "56"]
[GameId "2160767909508798"]
[EventDate "2012.07.03"]
[EventType "swiss"]
[EventRounds "7"]
[EventCountry "CAN"]
[SourceTitle "hb 2012"]

1. d4 Nf6 2. c4 g6 3. Nc3 d5 4. Bg5 dxc4 5. Bxf6 exf6 6. e3 c5 7. Bxc4 cxd4 8. exd4 Bf5 9. Nge2 Nc6 10. d5 Ne5 11. Bb5+ Bd7 12. f4 Ng4 13. Ng3 Bc5 14. Qxg4 Bf2+ 15. Kd1 Bxb5 16. Qf3 Bxg3 17. Nxb5 Bf2 18. Qe2+ Kf8 19. d6 Bc5 20. Kc2 a6 21. Nc7 Rc8 22. Qe8+ Qxe8 23. Nxe8 Bxd6+ 24. Kb3 Kxe8 25. Rhe1+ Kd7 26. Rad1 b5 27. Rf1 Rhe8 28. g4 Re3+ 0-1

[Event "CYCC U12"]
[Site "Vancouver CAN"]
[Date "2012.07.06"]
[Round "7"]
[White "Kolobaric, Nikola"]
[Black "Li, Kevin1"]
[Result "0-1"]
[WhiteElo "990"]
[BlackElo "725"]
[PlyCount "102"]
[GameId "2160767909508799"]
[EventDate "2012.07.03"]
[EventType "swiss"]
[EventRounds "7"]
[EventCountry "CAN"]
[SourceTitle "EXT 2022"]
[Source "ChessBase"]
[SourceDate "2021.10.06"]
[SourceVersion "1"]
[SourceVersionDate "2021.10.06"]
[SourceQuality "1"]

1. d4 d5 2. Nc3 Nc6 3. e4 Nf6 4. exd5 Nxd5 5. Nxd5 Qxd5 6. Be2 Qxd4 7. Qxd4 Nxd4 8. Bd3 Bf5 9. Bxf5 Nxf5 10. Bd2 O-O-O 11. O-O-O e6 12. Bf4 Rxd1+ 13. Kxd1 f6 14. Nf3 e5 15. Bd2 Bc5 16. Rf1 Rd8 17. c3 g5 18. Kc1 h5 19. h3 g4 20. hxg4 hxg4 21. Ne1 e4 22. Bf4 Re8 23. f3 gxf3 24. gxf3 e3 25. Nd3 e2 26. Rh1 Be3+ 27. Bxe3 Rxe3 28. Kd2 Re6 29. Re1 Nh4 30. f4 Nf3+ 31. Kc2 Nxe1+ 32. Nxe1 Kd7 33. Kd2 Kd6 34. Nf3 a5 35. a4 c5 36. f5 Re4 37. b3 Kc6 38. Ne1 b5 39. c4 bxc4 40. bxc4 Kd6 41. Nf3 Ke7 42. Ke1 Kf7 43. Ng1 Rxc4 44. Nxe2 Rxa4 45. Nc3 Rb4 46. Kd2 Ke7 47. Kc2 Kd6 48. Kd3 a4 49. Kc2 a3 50. Na2 Rb2+ 51. Kc1 Rxa2 0-1

[Event "CYCC U12"]
[Site "Vancouver CAN"]
[Date "2012.07.06"]
[Round "7"]
[White "Lachance, Tristan"]
[Black "Chen, Harrison"]
[Result "1/2-1/2"]
[WhiteElo "1156"]
[BlackElo "988"]
[PlyCount "70"]
[GameId "2160767909508800"]
[EventDate "2012.07.03"]
[EventType "swiss"]
[EventRounds "7"]
[EventCountry "CAN"]
[SourceTitle "hb 2012"]

1. e4 e5 2. Nf3 Nc6 3. Bb5 a6 4. Bxc6 dxc6 5. Nc3 Bd6 6. d4 exd4 7. Qxd4 Nf6 8. e5 c5 9. Qe3 Bxe5 10. Qxe5+ Be6 11. Ng5 Nh5 12. Nxe6 Qe7 13. Nxc7+ Kd7 14. Qxe7+ Kxe7 15. Nxa8 Rxa8 16. Bg5+ f6 17. Be3 c4 18. O-O Rg8 19. Rfe1 Kf7 20. Bc5 Kg6 21. Be3 h6 22. g4 Kh7 23. gxh5 g5 24. Nd5 Kg7 25. Ne7 Re8 26. Nf5+ Kh7 27. Bd4 Rd8 28. Re7+ Kg8 29. Rg7+ Kf8 30. Rh7 Rd5 31. Re1 Rxf5 32. b4 cxb3 33. cxb3 Rf4 34. Bc5+ Kg8 35. Re8+ Kxh7 1/2-1/2

[Event "CYCC U12"]
[Site "Vancouver CAN"]
[Date "2012.07.06"]
[Round "7"]
[White "Lee, Stefano"]
[Black "Hastings, Luke"]
[Result "0-1"]
[WhiteElo "986"]
[BlackElo "896"]
[PlyCount "60"]
[GameId "2160767909508801"]
[EventDate "2012.07.03"]
[EventType "swiss"]
[EventRounds "7"]
[EventCountry "CAN"]
[SourceTitle "hb 2012"]

1. e4 e5 2. Nf3 Nc6 3. Bc4 Bc5 4. c3 Nf6 5. d4 Bd6 6. a3 b6 7. Nbd2 O-O 8. O-O Re8 9. Re1 Bb7 10. Qc2 Qe7 11. Ng5 Kh8 12. Qd3 Ng4 13. Ndf3 f6 14. Nf7+ Kg8 15. Nxd6+ Kh8 16. Nxe8 Rxe8 17. Ba6 Bxa6 18. Qxa6 exd4 19. cxd4 f5 20. Ng5 h6 21. Bf4 hxg5 22. Bxc7 Nxd4 23. Rad1 d5 24. Qf1 dxe4 25. f3 Qc5 26. Rc1 Ne2+ 27. Kh1 Nf2+ 28. Qxf2 Qxf2 29. Rcd1 exf3 30. gxf3 Qxf3# 0-1